000 00875nam a2200181 a 4500
008 090112s1985 ||||||||||||||||| || u
050 _aGOV.ZAM.A4(08)
100 _aWarren, D. M
245 1 0 _aReport on Workshop to Strengthen the IRDP District Development Programmes (DDPs) (6-19th January, 1985)
_cCompiled and edited by D.M. Warren
260 _aLusaka
_bMinistry of Agriculture and water Development
_c1985
300 _a95p.
350 _a0.00
490 _aPlanning Division special study
650 _aMINISTRY OF AGRICULTURE AND WATER DEVELOPMENT--PLANNING DIVISION--ZAMBIA
710 _aGovernment of the Republic of Zambia (GRZ)
710 _aMinistry of Agriculture and Water Development
995 _D0.00
_FCBU-MAIN LIBRARY (Kitwe)
_H1
_I0.00
_M1
_UAVAILABLE
_WJan 12, 2009
_ZZambiana Collection
999 _c56243
_d56243